| 000 | 00766nac a22001931u 4500 | ||
|---|---|---|---|
| 008 | 120424s1996 xxc|||||r|||| 000 0 eng d | ||
| 020 | _a0969691017 | ||
| 082 |
_a658.4 _bFIK |
||
| 100 |
_aElfiky, Ibrahim _929734 |
||
| 245 |
_a12 Keys of Highly Successful Managers / _cIbrahim Elfiky |
||
| 260 |
_aQuebec, Canada: _bCheops international seminars, _c1996 |
||
| 300 |
_a339p.; _c23 cm. |
||
| 490 |
_929733 _aManagement Mastery |
||
| 650 |
_aOrganizational effectiveness. _929735 |
||
| 650 |
_amanagement _929736 |
||
| 653 | _bBus | ||
| 942 |
_cBB _k658.4 FIK _2ddc |
||
| 999 |
_c4594 _d4594 |
||